00354nam a2200109 a 450000500170000000800410001705000240005824500530008226000520013530000080018765000490019520140414132121.0120822s19uu xx 00 eng d aTR 372.7bC167 2000 aCalvert math:bpractice and enrichment workbook. aHunt Valley, Maryland :bCalvert School,c2000. a229 aMathematics- practice &enrichnment workbook.